[Event "SK Metelen 1 - SC Steinfurt 1"]
[Site "Verbandsliga 2017/2018"]
[Date "2018.05.05"]
[Round "9.1"]
[White "Grälken, Matthias"]
[Black "Bernink, Henk"]
[Result "0-1"]
[WhiteElo "2025"]
[BlackElo "2074"]
[PlyCount "106"]
[EventDate "2018.??.??"]
[SourceDate "2017.09.16"]

1. c4 e5 2. g3 Nc6 3. Nc3 g6 4. Bg2 Bg7 5. d3 d6 6. e4 Nge7 7. Nge2 Be6 8. Nd5
Nd4 9. Nxd4 exd4 10. Bg5 Bxd5 11. cxd5 f6 12. Bf4 Qd7 13. h4 O-O-O 14. Rc1 Kb8
15. Bh3 f5 16. Qc2 Rdf8 17. b4 h6 18. Bd2 Bf6 19. h5 g5 20. Bxf5 Nxf5 21. exf5
Qxf5 22. Qxc7+ Ka8 23. O-O Be5 24. Rce1 Rc8 25. Qa5 Rhf8 26. b5 b6 27. Qa3 Qf3
28. Rxe5 dxe5 29. d6 e4 30. d7 Rcd8 31. Qd6 e3 32. Bb4 e2 33. Qc6+ Qxc6 34.
bxc6 exf1=Q+ 35. Kxf1 Rf7 36. c7 Rfxd7 37. cxd8=Q+ Rxd8 38. g4 a5 39. Be7 Rd7
40. Bf8 Rh7 41. a4 Kb7 42. Ke2 Kc6 43. f4 Rf7 44. Bxh6 Rxf4 45. Bxg5 Rxg4 46.
Bc1 Rh4 47. h6 b5 48. axb5+ Kxb5 49. Kf3 a4 50. Kg3 Rh1 51. Bg5 a3 52. Bh4 a2
53. h7 Rxh4 0-1

[Event "SK Metelen 1 - SC Steinfurt 1"]
[Site "Verbandsliga 2017/2018"]
[Date "2018.05.05"]
[Round "9.2"]
[White "Koch, Alexander"]
[Black "Arning, Marcus"]
[Result "1-0"]
[WhiteElo "2000"]
[BlackElo "1910"]
[PlyCount "89"]
[EventDate "2018.??.??"]
[SourceDate "2017.09.16"]

1. e4 e5 2. Nf3 Nc6 3. Bc4 Bc5 4. d3 Qf6 5. Nc3 Nge7 6. Be3 Nd4 7. Bxd4 exd4 8.
Ne2 d6 9. O-O O-O 10. Nd2 Bd7 11. f4 Bc6 12. Ng3 Bb6 13. Bb3 Kh8 14. Rf3 Ng6
15. Nh5 Qe7 16. Rh3 Bd7 17. f5 Ne5 18. Nxg7 Rg8 19. Nh5 Ng4 20. Qf3 Ne3 21. Nf4
c6 22. Qh5 Rg7 23. Qh6 Ng4 24. Qh4 Qxh4 25. Rxh4 Bd8 26. Rh3 Bg5 27. Rf3 Ne3
28. Nh5 Rgg8 29. Nf1 d5 30. Nxe3 dxe3 31. exd5 Rge8 32. Re1 cxd5 33. Bxd5 Rac8
34. c3 Bc6 35. Bxc6 Rxc6 36. h4 Bh6 37. Re2 b5 38. a3 a5 39. g4 b4 40. axb4
axb4 41. g5 bxc3 42. bxc3 Rxc3 43. gxh6 Rxd3 44. Nf6 Ra8 45. Rfxe3 1-0

[Event "SK Metelen 1 - SC Steinfurt 1"]
[Site "Verbandsliga 2017/2018"]
[Date "2018.05.05"]
[Round "9.3"]
[White "Wild, Helmut"]
[Black "Schudro, Vasily"]
[Result "0-1"]
[WhiteElo "1849"]
[BlackElo "2000"]
[PlyCount "92"]
[EventDate "2018.??.??"]
[SourceDate "2017.09.16"]

1. c4 g6 2. Nc3 Bg7 3. e4 c5 4. Nf3 Nc6 5. d3 d6 6. Be3 Bg4 7. Be2 Bxf3 8. Bxf3
e6 9. g3 Nge7 10. O-O O-O 11. Qd2 Nd4 12. Bg2 Nec6 13. Bh6 Rb8 14. Nb5 a6 15.
Nxd4 Nxd4 16. h4 Qf6 17. Bg5 Nf3+ 18. Bxf3 Qxf3 19. Be7 Rfe8 20. Bxd6 Rbc8 21.
e5 f6 22. d4 cxd4 23. Qxd4 fxe5 24. Bxe5 Bxe5 25. Qxe5 Rxc4 26. Rac1 Qc6 27.
Rxc4 Qxc4 28. Rd1 Qc8 29. Rd6 Re7 30. Qd4 Qf8 31. Rd8 Re8 32. Rd7 Re7 33. Kg2
Rxd7 34. Qxd7 Qf7 35. Qxf7+ Kxf7 36. g4 Kf6 37. Kf3 Ke5 38. Ke3 h6 39. f4+ Kd5
40. Kf3 b5 41. b4 Kd4 42. h5 gxh5 43. g5 hxg5 44. fxg5 Ke5 45. Kg3 Kf5 46. Kh4
Kg6 0-1

[Event "SK Metelen 1 - SC Steinfurt 1"]
[Site "Verbandsliga 2017/2018"]
[Date "2018.05.05"]
[Round "9.4"]
[White "Grotenhuis, Gerard"]
[Black "Janning, Rainer"]
[Result "1-0"]
[WhiteElo "1904"]
[BlackElo "1876"]
[PlyCount "83"]
[EventDate "2018.??.??"]
[SourceDate "2017.09.16"]

1. b3 e5 2. Bb2 d6 3. e3 Nc6 4. Bb5 Bd7 5. d4 exd4 6. exd4 Qg5 7. Qe2+ Nge7 8.
Nf3 Qg6 9. d5 Nb8 10. Nc3 a6 11. Bd3 Qh5 12. O-O-O Bg4 13. Ne4 Nd7 14. Rhe1
Bxf3 15. gxf3 Ne5 16. f4 Nxd3+ 17. Qxd3 O-O-O 18. Ng3 Qh6 19. Re4 f6 20. Qe3
Kb8 21. Rxe7 Bxe7 22. Nf5 Qxh2 23. Qf3 g5 24. fxg5 fxg5 25. Rh1 g4 26. Rxh2
gxf3 27. Nxe7 Rhf8 28. Rxh7 Rf4 29. Kd2 Re4 30. Kd3 Re2 31. Bd4 Re8 32. Be3 Re1
33. Rf7 Rd1+ 34. Ke4 b5 35. Kxf3 Ra1 36. Ke2 Rxa2 37. Kd2 a5 38. Bd4 a4 39. b4
Ra3 40. Bc3 Kb7 41. f4 Rh8 42. Bxh8 1-0

[Event "SK Metelen 1 - SC Steinfurt 1"]
[Site "Verbandsliga 2017/2018"]
[Date "2018.05.05"]
[Round "9.5"]
[White "Raus, Michael"]
[Black "Zachej, Arne"]
[Result "1/2-1/2"]
[WhiteElo "1721"]
[BlackElo "1834"]
[PlyCount "40"]
[EventDate "2018.??.??"]
[SourceDate "2017.09.16"]

1. e4 c5 2. Nc3 e6 3. f4 Nc6 4. Nf3 Nge7 5. d3 d5 6. g3 g6 7. Bg2 Bg7 8. O-O
O-O 9. Ne2 b5 10. c3 d4 11. cxd4 Nxd4 12. Nexd4 Bxd4+ 13. Nxd4 Qxd4+ 14. Kh1
Bb7 15. Qe2 Rac8 16. Be3 Qd6 17. Rac1 Rfd8 18. Rfd1 Rd7 19. Kg1 a5 20. Bf3 b4
1/2-1/2

[Event "SK Metelen 1 - SC Steinfurt 1"]
[Site "Verbandsliga 2017/2018"]
[Date "2018.05.05"]
[Round "9.6"]
[White "Wigger, Frank"]
[Black "Meinert, Dominik"]
[Result "1-0"]
[WhiteElo "1812"]
[BlackElo "1557"]
[PlyCount "55"]
[EventDate "2018.??.??"]
[SourceDate "2017.09.16"]

1. e4 e5 2. Bc4 Nf6 3. d4 exd4 4. Nf3 Bb4+ 5. c3 dxc3 6. bxc3 Ba5 7. e5 d5 8.
exf6 dxc4 9. Qxd8+ Kxd8 10. fxg7 Re8+ 11. Kd1 Bg4 12. Bg5+ Kc8 13. Kc2 Bxf3 14.
gxf3 Rg8 15. Bh6 Nd7 16. Nd2 b5 17. Ne4 f6 18. Rad1 Rb8 19. Rd5 Rb6 20. Rhd1 f5
21. Rxd7 fxe4 22. Rd8+ Rxd8 23. Rxd8+ Kxd8 24. g8=Q+ Kd7 25. Qxh7+ Kc8 26. Be3
Rd6 27. Qf5+ Kd8 28. Bg5+ 1-0

[Event "SK Metelen 1 - SC Steinfurt 1"]
[Site "Verbandsliga 2017/2018"]
[Date "2018.05.05"]
[Round "9.7"]
[White "Radisic, Sascha"]
[Black "Bückers, Bernhard"]
[Result "1/2-1/2"]
[WhiteElo "1587"]
[BlackElo "1625"]
[PlyCount "37"]
[EventDate "2018.??.??"]
[SourceDate "2017.09.16"]

1. Nf3 Nf6 2. c4 e6 3. g3 d5 4. e3 Nbd7 5. b3 g6 6. Bb2 Bg7 7. Qc2 O-O 8. Bg2
c6 9. O-O Re8 10. d4 b6 11. Nbd2 Bb7 12. a3 c5 13. Rfd1 Rc8 14. Rac1 Ba8 15.
Qb1 Qe7 16. a4 Rc7 17. Rc2 Rec8 18. Ne5 dxc4 19. Ndxc4 1/2-1/2

[Event "SK Metelen 1 - SC Steinfurt 1"]
[Site "Verbandsliga 2017/2018"]
[Date "2018.05.05"]
[Round "9.8"]
[White "Gravenkötter, Christian"]
[Black "Schal, Eduard"]
[Result "1/2-1/2"]
[WhiteElo "1718"]
[BlackElo "1525"]
[PlyCount "129"]
[EventDate "2018.??.??"]
[SourceDate "2017.09.16"]

1. e4 e5 2. Nf3 Nc6 3. Bc4 Bc5 4. c3 Nf6 5. b4 Bb6 6. d3 d6 7. Bg5 Be6 8. Nbd2
O-O 9. O-O Kh8 10. a4 a6 11. Qb3 Qd7 12. Bxf6 gxf6 13. a5 Ba7 14. Bxe6 Qxe6 15.
Qxe6 fxe6 16. g3 f5 17. Kg2 Rf6 18. Rab1 d5 19. b5 axb5 20. Rxb5 fxe4 21. dxe4
Raf8 22. Re1 d4 23. c4 d3 24. Rf1 Nd4 25. Nxd4 Bxd4 26. f3 Be3 27. Rb2 R6f7 28.
Re1 Bxd2 29. Rxd2 Rxf3 30. Red1 Re3 31. Rxd3 Re2+ 32. Kh3 Rff2 33. Rd8+ Kg7 34.
R8d7+ Kg6 35. Rh1 Rxe4 36. Rxc7 Ra2 37. Rxb7 Rxc4 38. Rb6 Rxa5 39. Rf1 e4 40.
Rxe6+ Kg7 41. Rf4 Raa4 42. Re7+ Kg8 43. Re5 Rc6 44. Rfxe4 Rh6+ 45. Kg2 Rxe4 46.
Rxe4 Rf6 47. g4 Kg7 48. Kg3 Kg6 49. h4 h6 50. h5+ Kg7 51. Kh4 Ra6 52. Re7+ Kg8
53. Kg3 Ra4 54. Re6 Kg7 55. Kf3 Rb4 56. Rg6+ Kh7 57. Re6 Kg7 58. Re4 Rxe4 59.
Kxe4 Kf6 60. Kf4 Ke6 61. g5 hxg5+ 62. Kxg5 Kf7 63. h6 Kg8 64. Kg6 Kh8 65. h7
1/2-1/2

[Event "SV Heiden 1 - SF Olfen 1"]
[Site "Verbandsliga 2017/2018"]
[Date "2018.05.05"]
[Round "9.1"]
[White "Koke, Christoph"]
[Black "Berger, Alfred"]
[Result "1/2-1/2"]
[WhiteElo "2079"]
[BlackElo "1925"]
[PlyCount "82"]
[EventDate "2018.??.??"]
[SourceDate "2017.09.16"]

1. d4 e6 2. Nf3 Nf6 3. Bf4 c5 4. e3 Nc6 5. Nbd2 b6 6. c3 Bb7 7. Bd3 Be7 8. h3
O-O 9. O-O d5 10. a4 Nh5 11. Bh2 f5 12. Ne5 Nxe5 13. Bxe5 g6 14. a5 Bd6 15. Nf3
Nf6 16. Qa4 c4 17. Bc2 Qc7 18. Bxd6 Qxd6 19. Ne5 bxa5 20. Qxa5 Nd7 21. Nxd7
Qxd7 22. Ra4 Bc6 23. Rb4 Rfb8 24. Ra1 Rxb4 25. Qxb4 Bb5 26. f3 a6 27. Kf2 Re8
28. Ba4 Kf7 29. g3 g5 30. g4 Qc7 31. Kg2 Rb8 32. Bc2 f4 33. Re1 Bc6 34. Qa3 h6
35. e4 Qb7 36. Re2 dxe4 37. Bxe4 Bxe4 38. fxe4 Qc6 39. Kf3 Rb3 40. Qa5 Rb5 41.
Qa4 Rb6 1/2-1/2

[Event "SV Heiden 1 - SF Olfen 1"]
[Site "Verbandsliga 2017/2018"]
[Date "2018.05.05"]
[Round "9.2"]
[White "Wienen, Hermann"]
[Black "Bösel, Alexander"]
[Result "0-1"]
[WhiteElo "1946"]
[BlackElo "2015"]
[PlyCount "102"]
[EventDate "2018.??.??"]
[SourceDate "2017.09.16"]

1. e4 c5 2. Nf3 d6 3. Bc4 Nf6 4. c3 Nc6 5. d3 e6 6. O-O Be7 7. Re1 d5 8. Bb3
dxe4 9. dxe4 Qxd1 10. Bxd1 O-O 11. Na3 b6 12. Bf4 Bb7 13. Bc2 Rfd8 14. Rad1
Rac8 15. Nc4 Ne8 16. e5 b5 17. Nd6 Bxd6 18. exd6 Nb8 19. Ng5 Nf6 20. Be5 Nbd7
21. f4 h6 22. Bxf6 gxf6 23. Ne4 f5 24. Ng3 Nf6 25. Nxf5 exf5 26. Bxf5 Rb8 27.
Re5 Nd7 28. Bxd7 Rxd7 29. Rxc5 a6 30. Rc7 Rbd8 31. Rxd7 Rxd7 32. b3 Kf8 33. c4
bxc4 34. bxc4 Bc6 35. c5 Ke8 36. g3 Rb7 37. Re1+ Kd8 38. Re2 Bf3 39. Rc2 Kd7
40. Kf2 Bd5 41. Ke3 Kc6 42. Kd4 Rb4+ 43. Ke5 Re4+ 44. Kf6 Re6+ 45. Kg7 f5 46.
Rd2 Kxc5 47. d7 Rd6 48. h4 h5 49. Re2 Rxd7+ 50. Kg6 Be4 51. Kxh5 Bf3+ 0-1

[Event "SV Heiden 1 - SF Olfen 1"]
[Site "Verbandsliga 2017/2018"]
[Date "2018.05.05"]
[Round "9.3"]
[White "Grawunder, Jürgen"]
[Black "Ehrlich, Hans-Georg"]
[Result "1/2-1/2"]
[WhiteElo "1928"]
[BlackElo "1812"]
[PlyCount "36"]
[EventDate "2018.??.??"]
[SourceDate "2017.09.16"]

1. e4 d5 2. exd5 Qxd5 3. Nc3 Qd8 4. g3 c6 5. Bg2 Nf6 6. d4 g6 7. Be3 Qb6 8. Rb1
Ng4 9. Nf3 Bg7 10. O-O O-O 11. Qe2 Nxe3 12. fxe3 Bg4 13. h3 Bxf3 14. Rxf3 e6
15. a3 Qc7 16. Ne4 Qe7 17. c3 Nd7 18. Rbf1 f5 1/2-1/2

[Event "SV Heiden 1 - SF Olfen 1"]
[Site "Verbandsliga 2017/2018"]
[Date "2018.05.05"]
[Round "9.4"]
[White "Sicking, Norbert"]
[Black "Beutelhoff, Josef"]
[Result "1/2-1/2"]
[WhiteElo "1799"]
[BlackElo "1953"]
[PlyCount "61"]
[EventDate "2018.??.??"]
[SourceDate "2017.09.16"]

1. d4 Nf6 2. Nf3 e6 3. Nbd2 d5 4. e3 Nbd7 5. c4 c6 6. Be2 b6 7. O-O Be7 8. b3
O-O 9. Bb2 Bb7 10. a3 a5 11. Bc3 Qc7 12. Qc2 c5 13. a4 Bd6 14. h3 e5 15. dxe5
Nxe5 16. Bxe5 Bxe5 17. Nxe5 Qxe5 18. Bf3 Rad8 19. cxd5 Bxd5 20. Nc4 Qc7 21.
Bxd5 Rxd5 22. e4 Rd4 23. f3 Nd7 24. Rad1 Ne5 25. Nxe5 Qxe5 26. Rd2 g6 27. Rfd1
Rfd8 28. Kf2 h5 29. Rxd4 cxd4 30. Rd3 h4 31. Qc4 1/2-1/2

[Event "SV Heiden 1 - SF Olfen 1"]
[Site "Verbandsliga 2017/2018"]
[Date "2018.05.05"]
[Round "9.5"]
[White "Strößner, Lena"]
[Black "Herdering, Martin"]
[Result "1/2-1/2"]
[WhiteElo "1949"]
[BlackElo "1819"]
[PlyCount "45"]
[EventDate "2018.??.??"]
[SourceDate "2017.09.16"]

1. Nf3 d5 2. d4 Nf6 3. c4 c6 4. Nc3 e6 5. g3 dxc4 6. Bg2 Be7 7. Ne5 O-O 8. O-O
Nd5 9. Nxc4 Nd7 10. e4 Nxc3 11. bxc3 c5 12. Qb3 Nb6 13. Be3 Nxc4 14. Qxc4 cxd4
15. cxd4 Bd7 16. Rfd1 b5 17. Qb3 Qa5 18. Bd2 Qb6 19. Bf4 Rac8 20. Rac1 Rxc1 21.
Rxc1 Rc8 22. Rxc8+ Bxc8 23. Be3 1/2-1/2

[Event "SV Heiden 1 - SF Olfen 1"]
[Site "Verbandsliga 2017/2018"]
[Date "2018.05.05"]
[Round "9.6"]
[White "Niewerth, Gerd"]
[Black "Pinno, Gregor"]
[Result "0-1"]
[WhiteElo "1803"]
[BlackElo "1833"]
[PlyCount "56"]
[EventDate "2018.??.??"]
[SourceDate "2017.09.16"]

1. e4 e5 2. Nf3 d6 3. d4 Nd7 4. c4 Ngf6 5. Nc3 Be7 6. Be2 c6 7. O-O Qc7 8. b3
Nf8 9. Bb2 Ng6 10. Re1 Nf4 11. Qc2 g5 12. dxe5 dxe5 13. Na4 Ng6 14. Nxg5 Rg8
15. Nf3 Bg4 16. Bc1 Nf8 17. Be3 Ne6 18. Kh1 Nh5 19. h3 Bxf3 20. Bxf3 Nhf4 21.
Rad1 Bb4 22. Rf1 Qe7 23. Kh2 Qh4 24. Nb2 Ng5 25. Bg4 Ngxh3 26. Bd7+ Ke7 27.
Bxf4 Nxf4+ 28. Bh3 Rxg2+ 0-1

[Event "SV Heiden 1 - SF Olfen 1"]
[Site "Verbandsliga 2017/2018"]
[Date "2018.05.05"]
[Round "9.7"]
[White "Boenigk, Winfried"]
[Black "Wetter, Ralf"]
[Result "1/2-1/2"]
[WhiteElo "1764"]
[BlackElo "1856"]
[PlyCount "48"]
[EventDate "2018.??.??"]
[SourceDate "2017.09.16"]

1. d4 Nf6 2. c4 g6 3. Nc3 Bg7 4. e4 d6 5. f3 O-O 6. Be3 Nbd7 7. Qd2 c6 8. Bd3
a6 9. Nge2 e5 10. d5 cxd5 11. cxd5 b5 12. O-O Ne8 13. Rac1 f5 14. a3 f4 15. Bf2
g5 16. Na2 h5 17. Nb4 g4 18. Nc6 Qg5 19. Kh1 h4 20. fxg4 Kf7 21. Ng1 Qxg4 22.
h3 Qg5 23. Nf3 Qf6 24. Bxh4 Qh6 1/2-1/2

[Event "SV Heiden 1 - SF Olfen 1"]
[Site "Verbandsliga 2017/2018"]
[Date "2018.05.05"]
[Round "9.8"]
[White "Buchner, Ralf"]
[Black "Limberg, Johannes"]
[Result "1/2-1/2"]
[WhiteElo "1710"]
[BlackElo "1616"]
[PlyCount "49"]
[EventDate "2018.??.??"]
[SourceDate "2017.09.16"]

1. d4 g6 2. Nf3 Bg7 3. e4 Nf6 4. Nc3 d6 5. h3 O-O 6. Be3 b6 7. Qd2 Bb7 8. Bd3
Nbd7 9. Bh6 e6 10. Bg5 Qc8 11. O-O-O c5 12. Nb5 Qc6 13. e5 dxe5 14. dxe5 Nd5
15. Rhe1 c4 16. Nfd4 Qc5 17. Be4 Nxe5 18. f4 Nc6 19. Bxd5 Qxd5 20. Nc7 Qxd4 21.
Qxd4 Nxd4 22. Nxa8 Bxa8 23. c3 Nf5 24. g4 Ng3 25. Rd7 1/2-1/2

[Event "SK Münster 4 - TV Borken 1"]
[Site "Verbandsliga 2017/2018"]
[Date "2018.05.05"]
[Round "9.1"]
[White "Schulze-Schwering, Philipp"]
[Black "Schulz, Stefan"]
[Result "0-1"]
[WhiteElo "2073"]
[BlackElo "1885"]
[PlyCount "96"]
[EventDate "2018.??.??"]
[SourceDate "2017.09.16"]

1. Nf3 Nf6 2. d4 d5 3. c4 c6 4. g3 g6 5. Bg2 Bg7 6. b3 O-O 7. Bb2 Ne4 8. O-O
Nd7 9. Nbd2 Ndf6 10. e3 Bg4 11. h3 Nxd2 12. Qxd2 Ne4 13. Qb4 Bxf3 14. Bxf3 Ng5
15. Bg2 Qd7 16. Kh2 f5 17. Rac1 e6 18. Rc2 Rf7 19. f3 h5 20. Rd1 Re8 21. Qd2
Bh6 22. Qe1 Qd6 23. Bc1 Nh7 24. e4 Bxc1 25. e5 Qd8 26. Rcxc1 g5 27. f4 Nf8 28.
Bf3 g4 29. Be2 Ree7 30. h4 Rc7 31. Bf1 Rfd7 32. Qf2 Kf7 33. Bg2 Qb8 34. Qc2 Qd8
35. Qd3 Ng6 36. Kg1 Ne7 37. a4 c5 38. cxd5 Nxd5 39. Rxc5 Rxc5 40. dxc5 Nb6 41.
Qxd7+ Nxd7 42. Bxb7 Qc7 43. c6 Qb6+ 44. Kh2 Nc5 45. Rc1 Ne4 46. Rc2 Qxb3 47.
Rg2 Qc3 48. Rg1 Ke8 0-1

[Event "SK Münster 4 - TV Borken 1"]
[Site "Verbandsliga 2017/2018"]
[Date "2018.05.05"]
[Round "9.3"]
[White "Schroer, Klaus"]
[Black "Voß, Norbert"]
[Result "1/2-1/2"]
[WhiteElo "1948"]
[BlackElo "1860"]
[PlyCount "88"]
[EventDate "2018.??.??"]
[SourceDate "2017.09.16"]

1. e4 d6 2. d4 Nf6 3. Nc3 c6 4. Nf3 Bg4 5. Be2 e6 6. Be3 Be7 7. Nd2 Bxe2 8.
Qxe2 O-O 9. f4 d5 10. e5 Nfd7 11. Nd1 c5 12. c3 cxd4 13. cxd4 f5 14. exf6 Bxf6
15. Nf2 Nc6 16. Nf3 Nb6 17. b3 a5 18. a4 Nc8 19. O-O Nd6 20. Rab1 Qb6 21. Rfd1
Nf5 22. Ng4 Be7 23. Bf2 Nd8 24. Nge5 Re8 25. Rdc1 Bf6 26. Rc5 Bxe5 27. Nxe5 Nd6
28. Nd7 Qb4 29. Rc7 Ne4 30. Rbc1 Nc6 31. Qg4 Re7 32. Bh4 Qxd4+ 33. Kh1 Rae8 34.
Rd1 Qb2 35. Rxb7 Rf7 36. h3 Qa3 37. Kh2 Qd6 38. Qh5 g6 39. Qf3 Rxf4 40. Bg3
Rxf3 41. Bxd6 Nxd6 42. Rb6 Rf7 43. Nc5 Rc7 44. Na6 Rcc8 1/2-1/2

[Event "SK Münster 4 - TV Borken 1"]
[Site "Verbandsliga 2017/2018"]
[Date "2018.05.05"]
[Round "9.4"]
[White "Schöpper, Oliver"]
[Black "Vijayakumaran, Vithoosan"]
[Result "0-1"]
[WhiteElo "1823"]
[BlackElo "1761"]
[PlyCount "88"]
[EventDate "2018.??.??"]
[SourceDate "2017.09.16"]

1. d4 Nf6 2. c4 e6 3. g3 Be7 4. Bg2 d5 5. Nf3 O-O 6. O-O Nbd7 7. Qc2 Ne4 8. b3
c6 9. Ne5 f5 10. Nd3 Bf6 11. e3 c5 12. f3 cxd4 13. fxe4 dxe4 14. Nb2 d3 15. Qd2
b5 16. cxb5 a6 17. b6 Nxb6 18. Nc3 Qc7 19. Nbd1 a5 20. Bb2 Ba6 21. Rc1 Qd7 22.
Nxe4 fxe4 23. Bxe4 Rac8 24. Rxc8 Rxc8 25. Bxf6 gxf6 26. Qxa5 Qb5 27. Qxb5 Bxb5
28. Rxf6 Rc1 29. Bf3 Nd5 30. Rxe6 Nc3 31. a4 Bd7 32. Rd6 Bf5 33. Rc6 Ne2+ 34.
Kf2 Rc2 35. Ke1 Ng1 36. Bd5+ Kh8 37. Rxc2 dxc2 38. Kd2 Ne2 39. Kxe2 c1=Q 40.
Nf2 Qb2+ 41. Kf3 Qe5 42. Bc4 Be6 43. Bb5 Qf5+ 44. Ke2 Bxb3 0-1

[Event "SK Münster 4 - TV Borken 1"]
[Site "Verbandsliga 2017/2018"]
[Date "2018.05.05"]
[Round "9.5"]
[White "Rickert, Berthold"]
[Black "Voß, Andreas"]
[Result "0-1"]
[WhiteElo "1713"]
[BlackElo "1828"]
[PlyCount "82"]
[EventDate "2018.??.??"]
[SourceDate "2017.09.16"]

1. c4 f5 2. d4 Nf6 3. Nc3 e6 4. Nf3 d5 5. e3 c6 6. Bd3 Bd6 7. Qc2 Ne4 8. c5 Bc7
9. g3 Nd7 10. b3 O-O 11. Bb2 Qe7 12. O-O-O b6 13. b4 a5 14. a3 axb4 15. axb4
Ba6 16. Ne1 bxc5 17. dxc5 Rfb8 18. Bxa6 Rxa6 19. Nd3 e5 20. Rhf1 Nef6 21. f3 e4
22. fxe4 fxe4 23. Nf4 Rxb4 24. Kd2 Be5 25. Ra1 Rxa1 26. Rxa1 Nxc5 27. Ra8+ Rb8
28. Rxb8+ Bxb8 29. Ba3 Bd6 30. Na4 Nxa4 31. Bxd6 Qxd6 32. Qxa4 h6 33. Qa8+ Kf7
34. Qb7+ Qd7 35. Qb4 Ng4 36. h3 Ne5 37. Qc3 Nc4+ 38. Ke2 Qb7 39. Qe1 Qb2+ 40.
Kf1 Nd2+ 41. Kf2 Nf3+ 0-1

[Event "SK Münster 4 - TV Borken 1"]
[Site "Verbandsliga 2017/2018"]
[Date "2018.05.05"]
[Round "9.6"]
[White "Börger, Andreas"]
[Black "Bohn, Andreas"]
[Result "1/2-1/2"]
[WhiteElo "1766"]
[BlackElo "1829"]
[PlyCount "84"]
[EventDate "2018.??.??"]
[SourceDate "2017.09.16"]

1. c4 c6 2. b3 d5 3. e3 e6 4. Bb2 Nf6 5. Nf3 Be7 6. Be2 O-O 7. O-O Nbd7 8. Qc2
h6 9. d3 Re8 10. Nbd2 Bf8 11. Ne5 Nxe5 12. Bxe5 Bd6 13. f4 a5 14. c5 Bf8 15.
Bd4 Nd7 16. Nf3 b6 17. cxb6 c5 18. Bb2 Qxb6 19. Ne5 Rb8 20. Nxf7 Kxf7 21. Bh5+
Ke7 22. d4 Kd8 23. Bxe8 Kxe8 24. Qg6+ Kd8 25. dxc5 Qxc5 26. Bd4 Qe7 27. Rac1
Ba6 28. Rf2 Rc8 29. Rfc2 Rxc2 30. Qxc2 Qd6 31. Qc3 Qa3 32. Qc7+ Ke8 33. Rc2 Qb4
34. Kf2 Qb5 35. Qc6 Qf1+ 36. Kg3 Ke7 37. Qc7 Qe1+ 38. Rf2 Ke8 39. Qc6 Bd3 40.
Qxe6+ Be7 41. Qg4 Nf6 42. Bxf6 Bxf6 1/2-1/2

[Event "SK Münster 4 - TV Borken 1"]
[Site "Verbandsliga 2017/2018"]
[Date "2018.05.05"]
[Round "9.7"]
[White "Wagner, Nils-Frederic"]
[Black "Stumpe, Danny"]
[Result "1/2-1/2"]
[WhiteElo "1704"]
[BlackElo "1679"]
[PlyCount "94"]
[EventDate "2018.??.??"]
[SourceDate "2017.09.16"]

1. c4 g6 2. g3 Bg7 3. Bg2 Nc6 4. Nc3 Nf6 5. Nf3 O-O 6. O-O e5 7. d4 exd4 8.
Nxd4 Re8 9. e3 Rb8 10. b3 a6 11. Bb2 Ne7 12. Qd2 b6 13. Rad1 Bb7 14. Nf3 Qc8
15. h4 d6 16. Qe2 Qg4 17. Nd4 Bxg2 18. Kxg2 Qc8 19. Qf3 Ng4 20. Nc6 Ne5 21.
Nxe5 Bxe5 22. Ba1 b5 23. cxb5 axb5 24. Ne4 Bxa1 25. Rxa1 Rd8 26. Qf6 Qe6 27.
Qd4 Qd5 28. Rfd1 Qxd4 29. Rxd4 Kg7 30. Rc1 Rb7 31. Rd2 Ra8 32. Rcc2 Raa7 33. g4
h6 34. Nc3 f6 35. Nd5 Nxd5 36. Rxd5 Ra3 37. Kf3 Kf7 38. Ke4 Ke6 39. Rdd2 Ra8
40. f3 Ra6 41. f4 f5+ 42. gxf5+ gxf5+ 43. Kf3 c5 44. Rg2 Rf7 45. e4 fxe4+ 46.
Kxe4 Rf6 47. Rcd2 d5+ 1/2-1/2

[Event "SK Münster 4 - TV Borken 1"]
[Site "Verbandsliga 2017/2018"]
[Date "2018.05.05"]
[Round "9.8"]
[White "Baumann, Eva"]
[Black "Klüppel, Ralf"]
[Result "1-0"]
[WhiteElo "1741"]
[BlackElo "1721"]
[PlyCount "111"]
[EventDate "2018.??.??"]
[SourceDate "2017.09.16"]

1. e4 c6 2. d4 d5 3. exd5 cxd5 4. c4 Nf6 5. Nc3 e6 6. Bg5 Be7 7. Nf3 O-O 8. c5
b6 9. b4 a5 10. a3 h6 11. Bf4 Bb7 12. Be2 Ne4 13. Qc1 Nd7 14. O-O Nxc3 15. Qxc3
Rc8 16. Rac1 Bf6 17. Qd2 Re8 18. Bb5 bxc5 19. bxc5 Bc6 20. Bxc6 Rxc6 21. Rb1
Qa8 22. Rb5 Ra6 23. Bc7 Qc6 24. Rxa5 Rea8 25. Rxa6 Rxa6 26. Ba5 Kh7 27. Bb4 g6
28. Re1 Kg7 29. h3 Ra8 30. Qe3 Qb5 31. Bd2 h5 32. Bb4 Qc6 33. Qf4 Ra4 34. Rc1
Ra6 35. Qd6 Kg8 36. Ne5 Bxe5 37. dxe5 Kg7 38. Qxc6 Rxc6 39. f4 Kf8 40. Kf2 Ke8
41. Ke3 Kd8 42. Kd4 Kc8 43. g4 hxg4 44. hxg4 Kd8 45. Rh1 Ke8 46. Rh8+ Ke7 47.
f5 gxf5 48. gxf5 f6 49. Rh7+ Ke8 50. fxe6 Rxe6 51. Kxd5 Rxe5+ 52. Kd6 Nf8 53.
Rh8 Kf7 54. c6 Re3 55. Rxf8+ Kxf8 56. Kd7+ 1-0

[Event "SK Dülmen 1 - SF Telgte 1"]
[Site "Verbandsliga 2017/2018"]
[Date "2018.05.05"]
[Round "9.1"]
[White "Hackl-Sommer, René"]
[Black "Schlütermann, Philipp"]
[Result "0-1"]
[WhiteElo "1962"]
[BlackElo "1827"]
[PlyCount "68"]
[EventDate "2018.??.??"]
[SourceDate "2017.09.16"]

1. d4 Nf6 2. e3 g6 3. f4 Bg7 4. Nf3 d5 5. Bd3 c5 6. c3 O-O 7. O-O b6 8. Ne5 Ba6
9. Bxa6 Nxa6 10. Qe2 Nb8 11. Bd2 Ne4 12. Be1 Nd7 13. Bh4 Ndf6 14. Bxf6 exf6 15.
Nf3 f5 16. Nbd2 Re8 17. Rfe1 Rc8 18. Qd3 c4 19. Qc2 Nd6 20. b4 cxb3 21. axb3
Re7 22. Qb2 Qe8 23. Kf2 Rec7 24. Rec1 Qb5 25. Qa3 Bf8 26. Qa6 Rxc3 27. Qxb5
Nxb5 28. Rxc3 Rxc3 29. Ra2 f6 30. Rb2 a5 31. Nb1 Rc1 32. Ne1 Nd6 33. Nd3 Ne4+
34. Kf3 Rxb1 0-1

[Event "SK Dülmen 1 - SF Telgte 1"]
[Site "Verbandsliga 2017/2018"]
[Date "2018.05.05"]
[Round "9.2"]
[White "Grund, Wolfgang"]
[Black "Lodde, Martin"]
[Result "0-1"]
[WhiteElo "1909"]
[BlackElo "1977"]
[PlyCount "45"]
[EventDate "2018.??.??"]
[SourceDate "2017.09.16"]

1. e4 e6 2. d4 d5 3. e5 c5 4. c3 Nc6 5. Nf3 Qb6 6. Be2 Bd7 7. O-O Nh6 8. a4
cxd4 9. cxd4 Nf5 10. a5 Nxa5 11. Rxa5 Qxa5 12. Nc3 Rc8 13. Bd3 g6 14. g4 Ne7
15. Bg5 Ng8 16. Nh4 Be7 17. Qd2 h6 18. Bxe7 Nxe7 19. Qf4 Rh7 20. Qf6 Rxc3 21.
bxc3 Qxc3 22. Bb1 Qxd4 23. h3 0-1

[Event "SK Dülmen 1 - SF Telgte 1"]
[Site "Verbandsliga 2017/2018"]
[Date "2018.05.05"]
[Round "9.3"]
[White "Kuhlenbäumer, Willi"]
[Black "Nolting, Bodo"]
[Result "1/2-1/2"]
[WhiteElo "1922"]
[BlackElo "1760"]
[PlyCount "46"]
[EventDate "2018.??.??"]
[SourceDate "2017.09.16"]

1. e4 e5 2. Nc3 Nf6 3. f4 d5 4. fxe5 Nxe4 5. Nf3 Bg4 6. d3 Nxc3 7. bxc3 Be7 8.
Be2 O-O 9. Rb1 b6 10. O-O f6 11. d4 c5 12. h3 Be6 13. Bf4 Nc6 14. Qd2 Rc8 15.
Ba6 fxe5 16. Bxc8 Qxc8 17. dxe5 d4 18. cxd4 cxd4 19. a4 Bc4 20. Rfd1 Bb4 21.
Rxb4 Nxb4 22. Nxd4 Qc5 23. Kh1 Rd8 1/2-1/2

[Event "SK Dülmen 1 - SF Telgte 1"]
[Site "Verbandsliga 2017/2018"]
[Date "2018.05.05"]
[Round "9.5"]
[White "Kuhlenbäumer, Alfred"]
[Black "Lödding, Detlef"]
[Result "1/2-1/2"]
[WhiteElo "1827"]
[BlackElo "1864"]
[PlyCount "50"]
[EventDate "2018.??.??"]
[SourceDate "2017.09.16"]

1. e4 c5 2. f4 e6 3. Nf3 d5 4. Bb5+ Bd7 5. Bxd7+ Nxd7 6. Qe2 dxe4 7. Qxe4 Qc7
8. f5 Ngf6 9. Qe2 e5 10. Nc3 a6 11. O-O Bd6 12. d3 O-O 13. Bg5 b5 14. Ne4 Nxe4
15. Qxe4 f6 16. Bd2 Rac8 17. Kh1 Nb6 18. Ba5 Qc6 19. Bxb6 Qxb6 20. Rad1 Qc6 21.
Qg4 Rf7 22. Rfe1 c4 23. d4 Re8 24. d5 Qc5 25. Nd2 Qb4 1/2-1/2